Empleo y economía, memorias del seminario (Registro nro. 5081)
[ vista simple ]
| 000 -CABECERA | |
|---|---|
| Longitud fija campo de control | 01449nam a2200277Ia 4500 |
| 005 - • FECHA Y HORA DE LA ÚLTIMA TRANSACCIÓN | |
| Fecha y hora de la última transacción | 20220317000809.0 |
| 008 - • CÓDIGOS DE INFORMACIÓN DE LONGITUD FIJA | |
| Códigos de información de longitud fija | 160601s2002 ck a g 000 0 spa |
| 020 ## - • NÚMERO INTERNACIONAL NORMALIZADO PARA LIBROS | |
| Número Internacional Normalizado para Libros (ISBN) | 958664099X |
| 082 04 - • NÚMERO DE LA CLASIFICACIÓN DECIMAL DEWEY | |
| Número de clasificación (R) | 331.125 |
| Número del ítem | S25e |
| 040 ## - FUENTE DE LA CATALOGACIÓN | |
| Centro catalogador de origen | CO-BoRNBP |
| Lengua de catalogación | spa |
| Normas de descripción | rda |
| Centro transcriptor | CO-BoRNBP |
| 245 10 - • TITULO PROPIAMENTE DICHO | |
| Título | Empleo y economía, memorias del seminario |
| Mención de responsabilidad, etc. | Seminario Empleo y Economía ; Banco de la República ;editor Miguel Urrutia Montoya |
| 250 ## - • MENCIÓN DE EDICIÓN | |
| Mención de edición | 1a. edición |
| 264 ## - PRODUCCIÓN, PUBLICACIÓN , DISTRIBUCIÓN, FABRICACIÓN Y COPYRIGHT | |
| Lugar de producción, publicación, distribución, fabricación | Bogotá |
| Nombre del productor, editor, distribuidor, fabricante | Banco de la república |
| Fecha de de producción, publicación, distribución, fabricación o copyright | [2002] |
| 300 ## - • DESCRIPCIÓN FÍSICA | |
| Extensión | 290 páginas |
| Otras características físicas | ilustraciones |
| Dimensiones | 23 cm |
| 336 ## - TIPO DE CONTENIDO | |
| Término de tipo de contenido | texto |
| Código de tipo de contenido | txt |
| Fuente | rdacontent |
| 337 ## - TIPO DE MEDIO | |
| Nombre del tipo de medio | sin mediación |
| Código del tipo de medio | n |
| Fuente | rdamedia |
| 338 ## - TIPO DE SOPORTE | |
| Nombre del tipo de soporte | volumen |
| Código del tipo de soporte | nc |
| Fuente | rdacarrier |
| 505 ## - • NOTA DE CONTENIDO CON FORMATO | |
| Nota de contenido con formato | Diferencias en el análisis del desempleo en economías más y menos desarrolladas. Comentarios: consideraciones de la demanda laboral en Colombia. El costo en términos de empleo de las regulaciones del mercado laboral: lecciones de América Latina y el Caribe. Características y determinantes de la oferta laboral colombiana y su relación con la dinámica del desempleo. Implicaciones de política económica |
| 650 14 - • PUNTO DE ACCESO ADICIONAL DE MATERIA - TÉRMINO DE MATERIA | |
| Fuente del encabezamiento o término | LEMB |
| Término de materia o nombre geográfico como elemento inicial | Empleo |
| Subdivisión de materia general | Aspectos socioeconómicos |
| 650 14 - • PUNTO DE ACCESO ADICIONAL DE MATERIA - TÉRMINO DE MATERIA | |
| Fuente del encabezamiento o término | LEMB |
| Término de materia o nombre geográfico como elemento inicial | Economía |
| Subdivisión de materia general | Aspectos sociales |
| 650 14 - • PUNTO DE ACCESO ADICIONAL DE MATERIA - TÉRMINO DE MATERIA | |
| Fuente del encabezamiento o término | LEMB |
| Término de materia o nombre geográfico como elemento inicial | Economía |
| Subdivisión de materia general | Congresos y conferencias |
| 650 14 - • PUNTO DE ACCESO ADICIONAL DE MATERIA - TÉRMINO DE MATERIA | |
| Fuente del encabezamiento o término | LEMB |
| Término de materia o nombre geográfico como elemento inicial | Desempleo |
| Subdivisión de materia general | Congresos y conferencias |
| Subdivisión geográfica | Colombia |
| 700 1# - • PUNTO DE ACCESO ADICIONAL - NOMBRE DE PERSONA | |
| Nombre de persona | Urrutia Montoya, Miguel |
| Fechas asociadas al nombre | 939- |
| 710 1# - • PUNTO DE ACCESO ADICIONAL - NOMBRE DE ENTIDAD | |
| Nombre de entidad o nombre de jurisdicción como elemento inicial | Banco de la República. Bogotá |
| 942 ## - ENTRADA DE ELEMENTOS AGREGADOS (KOHA) | |
| Fuente de clasificaión o esquema | Dewey Decimal Classification |
| Koha [por defecto] tipo de item | LIbro |
| Perdido | Fuente de clasificación o esquema | Estado Físico | No para préstamo | Localización permanente | Localización actual | Fecha adquisición | Préstamos totales | Signatura completa | Código de barras | Fecha última consulta | Número de copia | Fecha del precio de reemplazo | Tipo de item de Koha | Forma de adquisición | Localización en estanterías |
|---|---|---|---|---|---|---|---|---|---|---|---|---|---|---|---|
| Dewey Decimal Classification | Biblioteca Pública Mapiripan | Biblioteca Pública Mapiripan | 07/06/2023 | 330.9861 | map0000316 | 07/06/2023 | Ej.1 | 07/06/2023 | LIbro | Colección General | General | ||||
| Clasificación Local Facetada | Biblioteca Pública Puerto Concordia | Biblioteca Pública Puerto Concordia | 02/05/2026 | 331.125 S25e | PCON00684 | 02/05/2026 | Ej.1 | 02/05/2026 | LIbro | Colección General | General | ||||
| Dewey Decimal Classification | Biblioteca Pública Puerto Rico | Biblioteca Pública Puerto Rico | 12/09/2022 | 331.125 S25e | PR000000221 | 12/09/2022 | Ej.1 | 12/09/2022 | LIbro |